Системный анализ оптимизации общеобменной вентиляции и кондиционирования воздуха

Dettagli Bibliografici
Autore principale: Рымкевич А. А. Адольф Адамович
Lingua:russo
Pubblicazione: Москва, Стройиздат, 1990
Soggetti:
Natura: Libro
KOHA link:https://koha.lib.tpu.ru/cgi-bin/koha/opac-detail.pl?biblionumber=148814

MARC

LEADER 00000nam0a2200000 4500
001 148814
005 20231031145609.0
010 |a 5274010555 
035 |a (RuTPU)RU\TPU\book\161346 
090 |a 148814 
100 |a 20081209d1990 m y0rusy50 ca 
101 0 |a rus 
102 |a RU 
105 |a a z 001zy 
200 1 |a Системный анализ оптимизации общеобменной вентиляции и кондиционирования воздуха  |f А. А. Рымкевич 
210 |a Москва  |c Стройиздат  |d 1990 
215 |a 300 с.  |c ил. 
320 |a Библиогр.: с. 295-297. 
610 1 |a системные методы 
610 1 |a вентиляция 
610 1 |a методы исследования 
610 1 |a воздух 
610 1 |a кондиционирование 
675 |a 697.911  |v 3 
700 1 |a Рымкевич  |b А. А.  |g Адольф Адамович 
801 1 |a RU  |b 63413507  |c 20081209  |g PSBO 
801 2 |a RU  |b 63413507  |c 20090126  |g PSBO 
942 |c BK